000
00312 a2200157 4500
001
61508
020
_a
9788508157334
040
_c
Anchieta - Pituba
100
_a
Alencar, José de
240
1
0
_a
Til
_l
por
245
1
0
_a
Til
300
_a
248
362
0
_a
2012
650
4
_a
Ficção brasileira
942
_c
BK
999
_c
61508
_d
61508